MARC

LEADER 00000nam0a2200000 4500
001 366159
005 20231102011844.0
035 |a (RuTPU)RU\TPU\retro\23522 
090 |a 366159 
100 |a 20220201d1979 km y0rusy50 ca 
101 0 |a rus 
102 |a CH 
105 |a a z 000zy 
200 1 |a Проблемы охраны здоровья подростков  |e доклад Комитета экспертов ВОЗ  |f Всемирная организация здравоохранения 
210 |a Женева  |c Всемирная организация здравоохранения  |d 1979 
215 |a 68 с.  |c ил. 
225 1 |a Серия технических докладов 609 
606 1 |a Подростки  |x Здоровье и гигиена  |2 stltpush  |3 (RuTPU)RU\TPU\subj\49693  |9 68457 
610 1 |a физиологические потребности 
610 1 |a психосоциальные потребности 
610 1 |a физическое здоровье 
610 1 |a психосоциальное здоровье 
610 1 |a медицинское обслуживание 
610 1 |a обучение 
610 1 |a подготовка 
610 1 |a рекомендации 
610 1 |a доклады 
675 |a 613.9  |v 4 
712 0 2 |a Всемирная организация здравоохранения  |2 stltpush  |3 (RuTPU)RU\TPU\col\7521  |9 24341 
801 1 |a RU  |b 63413507  |c 20220201 
942 |c BK